Central Library OPAC University of Rajshahi

Representative English poems : (Record no. 19063)

MARC details
000 -LEADER
fixed length control field 00677nam a22002052a 4500
001 - CONTROL NUMBER
control field 19063
003 - CONTROL NUMBER IDENTIFIER
rucl marc code BD-RjUL
005 - DATE AND TIME OF LATEST TRANSACTION
control field 20211209000359.0
008 - FIXED-LENGTH DATA ELEMENTS--GENERAL INFORMATION
fixed length control field 140223r19471930enk 000 1 eng d
035 ## - SYSTEM CONTROL NUMBER
System control number OCLC ocm14154777 from D950720M
-- (BD-RjUL)19121
040 ## - CATALOGING SOURCE
Original cataloging agency IMF
Transcribing agency IMF
Modifying agency EQO
-- BD-RjUL
Language of cataloging eng
041 ## - LANGUAGE CODE
Language code of text/sound track or separate title eng
082 04 - DEWEY DECIMAL CLASSIFICATION NUMBER
Classification number 821.08
Author mark and year COR 1947
100 1# - MAIN ENTRY--PERSONAL NAME
Personal name Coombes, A. J.
9 (RLIN) 58757
245 10 - TITLE STATEMENT
Title Representative English poems :
Remainder of title for use in senior classes of secondary schools and colleges /
Statement of responsibility, etc. selected by A. J. Coombes
260 ## - PUBLICATION, DISTRIBUTION, ETC. (IMPRINT)
Place of publication, distribution, etc. London :
Name of publisher, distributor, etc. George G. Harrap,
Date of publication, distribution, etc. 1930 [Reprinted 1941,1953].
300 ## - PHYSICAL DESCRIPTION
Pagination 287 p. ;
Size 18 cm
650 #0 - SUBJECT ADDED ENTRY--TOPICAL TERM
Topical term or geographic name as entry element English poetry
9 (RLIN) 58758
942 ## - ADDED ENTRY ELEMENTS (KOHA)
Source of classification or shelving scheme Dewey Decimal Classification
Koha item type Books
Holdings
Lost status Source of classification or shelving scheme Damaged status Not for loan Collection code Permanent Location Current Location Shelving location Date acquired Source of acquisition Cost, normal purchase price Total Checkouts Full call number Date last seen Copy number Koha item type
  Dewey Decimal Classification     Non-fiction Central Library, University of Rajshahi Central Library, University of Rajshahi   29/04/1966 Australia. 0.00   821.08 COR 1947 23/02/2014 C-2 Books
  Dewey Decimal Classification     Non-fiction Central Library, University of Rajshahi Central Library, University of Rajshahi   28/05/1966 Austalia 0.00   821.08 REP 1957 25/02/2014 C-3 Books
  Dewey Decimal Classification   Not For Loan Non-fiction Central Library, University of Rajshahi Central Library, University of Rajshahi Reading Room 20/01/1955 M.B.P. Dacca 2.13   821.08 COR 1947 19/03/2020 C-1 Books